000
00287nam a2200121Ia 4500
008
240614s9999 xx 000 0 und d
041
_a
eng
100
_a
Dravid, Rahul
_9
207611
245
_a
Secret of Leadership
260
_b
Pengain
_c
2013
_a
India
300
_a
250
650
_a
General
999
_c
358760
_d
358760